| Tag |
First Indicator |
Second Indicator |
Subfields |
| LEADER |
00000cam a2200000 i 4500 |
| 001 |
in00005697708 |
| 005 |
20260318164925.6 |
| 006 |
m o d |
| 007 |
cr |n||||||||| |
| 008 |
221130t20232023enka ob 000 0 eng d |
| 040 |
|
|
|a YDX
|b eng
|e rda
|c YDX
|d UIU
|d YDX
|d STBDS
|d EBLCP
|d UKAHL
|d OCLCF
|d YWS
|d OCLCQ
|d OCLCO
|d OCLCL
|d IUL
|d CLOUD
|d UKKRT
|d OCLCQ
|d OCLCL
|d SFB
|
| 019 |
|
|
|a 1541777670
|
| 020 |
|
|
|a 9780191988493
|q electronic book
|
| 020 |
|
|
|a 0191988499
|q electronic book
|
| 020 |
|
|
|z 0192847880
|q (print)
|
| 020 |
|
|
|z 9780192847881
|q (print)
|
| 035 |
|
|
|a (OCoLC)1351894844
|z (OCoLC)1541777670
|
| 050 |
|
4 |
|a PS3562.E42
|b Z96 2023
|
| 082 |
0 |
4 |
|a 813/.54
|2 23/eng/20230417
|
| 049 |
|
|
|a TXAM
|
| 100 |
1 |
|
|a Plotz, John,
|d 1967-
|e author.
|1 https://id.oclc.org/worldcat/entity/E39PCjr9btgdMJCC9XP7rdVBfq
|
| 245 |
1 |
0 |
|a Ursula Le Guin's Earthsea /
|c John Plotz.
|
| 264 |
|
1 |
|a Oxford ;
|a New York :
|b Oxford University Press,
|c [2023]
|
| 264 |
|
4 |
|c ©2023
|
| 300 |
|
|
|a 1 online resource :
|b illustrations.
|
| 336 |
|
|
|a text
|b txt
|2 rdacontent
|
| 337 |
|
|
|a computer
|b c
|2 rdamedia
|
| 338 |
|
|
|a online resource
|b cr
|2 rdacarrier
|
| 490 |
1 |
|
|a My reading
|
| 504 |
|
|
|a Includes bibliographical references.
|
| 588 |
|
|
|a Description based on online resource; title from home page (Oxford Academic, viewed April 8, 2024).
|
| 520 |
8 |
|
|a A text on the experience of reading Ursula Le Guin's 'Earthsea' novels that celebrates Le Guin's monumental worldbuilding achievement and recaptures the glories of childhood reading.
|
| 505 |
0 |
|
|a Cover -- titlepage -- copyright -- series introduction -- dedication -- Acknowledgments -- contents -- List of Illustrations -- Introduction: Reading and Rereading Le Guin -- 1 Earthsea and the Fantasy Tradition -- 2 Le Guin's First Earthsea -- 3 Earthsea Revisited -- 4 My Earthsea -- Notes -- Works Cited -- Index
|
| 600 |
1 |
0 |
|a Le Guin, Ursula K.,
|d 1929-2018.
|t Earthsea.
|
| 600 |
1 |
0 |
|a Le Guin, Ursula K.,
|d 1929-2018
|x Criticism and interpretation.
|
| 600 |
1 |
7 |
|a Le Guin, Ursula K.,
|d 1929-2018
|2 fast
|1 https://id.oclc.org/worldcat/entity/E39PBJq6WD9qK476jfWk4qhvHC
|
| 630 |
0 |
7 |
|a Earthsea (Le Guin, Ursula K.)
|2 fast
|
| 650 |
|
7 |
|a LITERARY CRITICISM / Modern / General.
|2 bisacsh
|
| 650 |
|
7 |
|a Literature: history & criticism.
|2 thema
|
| 650 |
|
7 |
|a Literature.
|2 ukslc
|
| 655 |
|
7 |
|a Electronic books.
|2 local
|
| 655 |
|
7 |
|a Criticism, interpretation, etc.
|2 fast
|
| 776 |
0 |
8 |
|i Print version :
|a Plotz, John, 1967-
|t Ursula Le Guin's Earthsea.
|d Oxford ; New York : Oxford University Press, 2023
|z 9780192847881
|w (DLC) 2022948230
|w (OCoLC)1345216745
|
| 776 |
0 |
8 |
|c Original
|z 9780192847881
|z 0192847880
|w (DLC) 2022948230
|
| 830 |
|
0 |
|a My reading (Series)
|
| 856 |
4 |
0 |
|u http://proxy.library.tamu.edu/login?url=https://academic.oup.com/book/45738
|z Connect to the full text of this electronic book
|t 0
|
| 955 |
|
|
|a Oxford Scholarship Online
|
| 994 |
|
|
|a 92
|b TXA
|
| 999 |
f |
f |
|i 2e88892a-4e8c-43d0-9638-d0063101fe71
|s 8897aef3-5776-448c-9df6-f9ab2e685aff
|t 0
|
| 952 |
f |
f |
|a Texas A&M University
|b College Station
|c Electronic Resources
|s www_evans
|d Available Online
|t 0
|e PS3562.E42 Z96 2023
|h Library of Congress classification
|
| 998 |
f |
f |
|a PS3562.E42 Z96 2023
|t 0
|l Available Online
|